000 00800nam a2200253 i 4500
003 DO-SdBNP
005 20240201141140.0
007 ta
008 240201b2023 dr ac||| |||| 00| 0 spa d
020 _a9789945648157
040 _aDO-SdBNP
_bspa
_cBNPHU
_erda
082 4 _222
100 1 _aPablo Castro,
_eautor
_984833
245 1 0 _aEvolución histórica de la Policia Nacional /
_cPablo Castro ; prólogo, Miguel Sang Ben
264 _aSanto Domingo :
_bSoto Castillo,
_c2023.
300 _a516 páginas :
_bilustraciones, retratos ;
_c24 cm.
336 _2rdacontent
_atexto
_btxt
337 _2rdamedia
_asin mediación
_bn
338 _2rdacarrier
_avolumen
_bnc
590 _aInventariado, 2024/BT
700 1 _aSan Ben, Miguel,
_eprólogo
_984834
910 _aBtavárez
942 _2ddc
_cLBS1
999 _c55767
_d55767